Classroom Ebs Quiz Stats

 Plays Quiz not verified by Sporcle

Also try: Color Categories
Challenge
Share
Tweet
Embed
Score 0/26 Timer 02:00
0 Plays Today
Hint Answer % Correct
ExelmansHonolulu
100%
ExelmansShanghai
100%
Murat Dublin
90.9%
MuratLisbonne
90.9%
MuratLondres
90.9%
ExelmansJacksonville
90.9%
ExelmansMoscou
90.9%
MuratMadrid
81.8%
MuratVeil
81.8%
ExelmansBangkok
81.8%
ExelmansHong-Kong
81.8%
ExelmansSantiago
72.7%
ExelmansLima
72.7%
Hint Answer % Correct
ExelmansMexico
72.7%
MuratMilan
63.6%
MuratMonnet
63.6%
MuratNew York
63.6%
PeupliersAdenauer
63.6%
MuratBruxelles
54.5%
MuratHambourg
54.5%
PeupliersDe Gasperi
54.5%
PeupliersTampa
54.5%
MuratMunich
45.5%
PeupliersMontreal
45.5%
PeupliersSéoul
45.5%
MuratSchumann
36.4%

You're not logged in!

Compare scores with friends on all Sporcle quizzes.
Join for Free
OR
Log In

You Might Also Like...

Show Comments

Extras

Created Oct 15, 2013ReportNominate
Tags:classroom, murat, pari

Top Quizzes Today


Score Distribution

Your Account Isn't Verified!

In order to create a playlist on Sporcle, you need to verify the email address you used during registration. Go to your Sporcle Settings to finish the process.

Report this User

Report this user for behavior that violates our Community Guidelines.

Details: